NBA Coach of the Year Award Winners - Sudden Death - Statistics

General Stats
  • This quiz has been taken 211 times
  • The average score is 2 of 6
Answers on the Grid
Answers color-coded by a green-red scale on the quiz's grid according to % correct below.
Frank Vogel
Gregg Popovich
Tom Thibodeau
Joe Mazzulla
Quin Snyder
Brad Stevens
Nate McMillan
Mike Budenholzer
Nick Nurse
Michael Malone
Doc Rivers
Kevin McHale
Byron Scott
Mark Jackson
Erik Spoelstra
 
Answer Stats
Answer % Correct
Gregg Popovich
86%
Tom Thibodeau
39%
Doc Rivers
33%
Mike Budenholzer
22%
Nick Nurse
20%
Byron Scott
4%
No matching quizzes found
Score Distribution
Percent of People with Each Score
Percentile by Number Answered
Your Score History
You have not taken this quiz